000 01495cam a22003612u 4500
001 30719
003 BD-RjUL
005 20211209051615.0
008 080220s1987 xxu ||| b ||| | eng d
035 _a(BD-RjUL)30806
040 _aericd
_beng
_cericd
_dMvI
041 _aeng
082 _221
_a727.095
_bARP 1987
100 1 _aArya, A. S.
_993358
245 1 0 _aProtection of Educational Buildings against Earthquakes /
_cby A. S. Arya.
_bA Manual for Designers and Builders.
260 _aBangkok :
_bUNESCO Principal Regional Office for Education in Asia and the Pacific.
_cc1987.
300 _a[6], 69 p.:
_bIll. ;
_c30 cm.
490 1 _aEducational Building ;
_vReport 13
650 1 7 _aBuilding Design.
_2ericd
_993359
650 1 7 _aSchool buildings
_x Earthquake effects
_zAsia.
_997029
650 1 7 _aEarthquakes.
_2ericd
_993360
650 1 7 _aEducational Facilities Design.
_2ericd
_993361
650 0 7 _aEmergency Programs.
_2ericd
_993362
650 1 7 _aFacility Requirements.
_2ericd
_993363
650 1 7 _aNatural Disasters.
_2ericd
_993364
650 0 7 _aSeismology.
_2ericd
_993365
655 7 _aGuides, Non-Classroom.
_2ericd
_993366
655 7 _aReference Materials, Geographic.
_2ericd
_993367
655 7 _aReports, Research.
_2ericd
_993368
710 2 _aUnited Nations Educational, Scientific, and Cultural Organization, Bangkok (Thailand). Regional Office for Education in Asia and the Pacific.
_993369
830 _aEducational Building ; Report 13.
_997032
942 _2ddc
_cDOC
999 _c30719
_d30719